What's wrong with U. S. foreign policy.

Bibliographic Details
Main Author: Sulzberger, C. L. (Cyrus Leo), 1912-1993
Format: Book
Language:English
Published: New York : Harcourt, Brace, [1959]
Edition:[1st ed.].
Subjects:

MARC

Tag First Indicator Second Indicator Subfields
LEADER 00000cam a2200000 4500
001 in00000057831
005 20151008050433.0
008 720309s1959 nyu 00000 eng u
010 |a  59009463  
035 |a (OCoLC)00260029 
035 |9 AAG1054AM 
040 |c YNG  |d TXA  |d UtOrBLW 
049 |a TXAM  |c [305903] 
050 0 |a E835  |b .S85 
092 |a 327.73  |b S954w 
100 1 |a Sulzberger, C. L.  |q (Cyrus Leo),  |d 1912-1993. 
245 1 0 |a What's wrong with U. S. foreign policy. 
250 |a [1st ed.]. 
264 1 |a New York :  |b Harcourt, Brace,  |c [1959] 
300 |a 255 pages 
336 |a text  |b txt  |2 rdacontent 
337 |a unmediated  |b n  |2 rdamedia 
338 |a volume  |b nc  |2 rdacarrier 
651 0 |a United States  |x Foreign relations  |y 1953-1961. 
999 |a MARS 
999 f f |s 539091fc-d4cb-3295-9499-ad5ff6a97e2a  |i 8e0669e5-39d8-3cc4-b850-fa2a8400ae75  |t 0 
952 f f |p ric  |a Texas A&M University  |b Rellis Campus  |c Joint Library Facility  |d Remote Storage  |t 0  |e E835 .S85  |h Library of Congress classification  |i unmediated -- volume  |m A14800679937 
998 f f |a E835 .S85  |t 0  |l Remote Storage